000 00454nam a2200205Ia 4500
003 0100
008 130303s9999 xx 000 0 und d
040 _cARRUPELIB
050 _aBL80.2.S595 1977
100 _aSmart ,Ninian
245 4 _aThe long search
260 _aBoston
260 _bLittle, Brown and Co.
260 _C1977
300 _a315p.
300 _b 26cm.
650 _aRELIGION
650 _bBunyoro - History
942 0 0 _02
999 _c14540
_d14540